000 00692nam a2200193 i 4500
001 112580
003 ES-MaACL
005 20231204174101.0
007 t|
008 061121s1932 sp |||| | spa d
100 1 _aNovás Calvo, Lino,
_d1905-1983
_986065
245 1 3 _aEl medio y las letras en Norteamérica /
_cpor Lino Novás Calvo.
260 _aMadrid :
_b[s. n.],
_c1932.
300 _a11 p. ;
_c22 cm.
500 _aPublicado en Anales de la Universidad de Madrid, T. I, fascículo 2 (Letras), 1932.
650 4 _aLiteratura norteamericana-
_yS.XX-
_xHistoria y crítica.
_914644
852 _aES-MaACL
_j1775-F-11
_z.- Dedicatoria autógrafa del autor
999 _c112580
_d112580